00629nam a22001937a 450000500170000001000150001702000260003203500140005803700090007208200080008124500570008925000060014626000410015227000280019330000200022194200220024199900190026395201530028220260514115640.0 aENG-148460 a9780199468126c200.00 aEN-131992 bDBAD a822 aWilliam Shakespere Macbeth/cEdited By Bernard Groom a1 aDelhibOxford University Pressc2016 aOxford University Press a192p.c22cm(pb) 2ddccENh822mMAC c216184d216184 001040708NFICaTNbTNd2026-05-14eDelivery of Books Act Divisiong200.00l0o822 MACpEN-131992r2026-05-14 11:57:06t1 v200.00w2026-05-14yEN